[Event "DJK Wacker Bergeborbeck 1 - SG Mengede "]
[Site "Verbandsklasse - Gr. 3 2019/2"]
[Date "2019.12.08"]
[Round "4.2"]
[White "Grodotzki, Thomas"]
[Black "Delvos, Thorsten"]
[Result "1/2-1/2"]
[WhiteElo "1955"]
[BlackElo "1991"]
[PlyCount "56"]
[EventDate "2019.??.??"]
[WhiteTeam "DJK Wacker Bergeborbeck 1"]
[BlackTeam "SG Mengede 1"]

1. e4 c5 2. Nf3 Nc6 3. d4 cxd4 4. Nxd4 Nf6 5. Nc3 e5 6. Ndb5 d6 7. Bg5 a6 8.
Na3 b5 9. Bxf6 gxf6 10. Nd5 Bg7 11. Bd3 f5 12. Qh5 O-O 13. exf5 e4 14. f6 Bxf6
15. Bxe4 Re8 16. Nxf6+ Qxf6 17. Qxh7+ Kf8 18. O-O Bb7 19. Rae1 Re5 20. f4 Re6
21. c3 Rae8 22. Nc2 b4 23. Qf5 Qg7 24. Bf3 Rxe1 25. Rxe1 Rxe1+ 26. Nxe1 bxc3
27. bxc3 Qxc3 28. Qb1 Bc8 1/2-1/2

[Event "DJK Wacker Bergeborbeck 1 - SG Mengede "]
[Site "Verbandsklasse - Gr. 3 2019/2"]
[Date "2019.12.08"]
[Round "4.3"]
[White "Weinert, Christian"]
[Black "Mombeck, Michael"]
[Result "1/2-1/2"]
[WhiteElo "1945"]
[BlackElo "1980"]
[PlyCount "24"]
[EventDate "2019.??.??"]
[WhiteTeam "SG Mengede 1"]
[BlackTeam "DJK Wacker Bergeborbeck 1"]

1. c4 Nf6 2. Nc3 g6 3. e4 d6 4. d4 Bg7 5. Nf3 O-O 6. Be2 Bg4 7. h3 Bxf3 8. Bxf3
Nc6 9. O-O e5 10. d5 Nd4 11. Nb5 Nxf3+ 12. Qxf3 Ne8 1/2-1/2

[Event "DJK Wacker Bergeborbeck 1 - SG Mengede "]
[Site "Verbandsklasse - Gr. 3 2019/2"]
[Date "2019.12.08"]
[Round "4.4"]
[White "Brandhorst, Dieter"]
[Black "Bork, Sophie"]
[Result "1/2-1/2"]
[WhiteElo "1908"]
[BlackElo "1888"]
[PlyCount "85"]
[EventDate "2019.??.??"]
[WhiteTeam "DJK Wacker Bergeborbeck 1"]
[BlackTeam "SG Mengede 1"]

1. e4 e5 2. Nf3 Nc6 3. Bc4 Bc5 4. O-O Nf6 5. d3 O-O 6. Bg5 h6 7. Bxf6 Qxf6 8.
Nc3 d6 9. Nd5 Qd8 10. h3 a6 11. c3 Ba7 12. b4 Ne7 13. d4 Nxd5 14. Bxd5 c6 15.
Bb3 Qf6 16. Qd2 Bxh3 17. gxh3 Qxf3 18. Qe3 Qf6 19. Rad1 Rfe8 20. Kh1 d5 21. Bc2
exd4 22. cxd4 dxe4 23. f3 exf3 24. Qd3 Qg6 25. Qxg6 fxg6 26. Bxg6 Rf8 27. Be4
Rf4 28. Bxf3 Rxd4 29. Bg4 Rxb4 30. Rd7 Bd4 31. a3 Ra4 32. Bd1 Rxa3 33. Rxd4
Rxh3+ 34. Kg2 Ra3 35. Rd7 Ra5 36. Bb3+ Kh8 37. Rdf7 Rg5+ 38. Kh3 Re8 39. R1f3
b5 40. Bc2 Kg8 41. Bb3 Kh8 42. Bc2 Kg8 43. Bb3 1/2-1/2

[Event "DJK Wacker Bergeborbeck 1 - SG Mengede "]
[Site "Verbandsklasse - Gr. 3 2019/2"]
[Date "2019.12.08"]
[Round "4.5"]
[White "Ewers, Christian"]
[Black "Schaedlich, Andreas"]
[Result "0-1"]
[WhiteElo "1781"]
[BlackElo "1882"]
[PlyCount "80"]
[EventDate "2019.??.??"]
[WhiteTeam "SG Mengede 1"]
[BlackTeam "DJK Wacker Bergeborbeck 1"]

1. e4 e5 2. Nc3 Nf6 3. f4 d6 4. Nf3 Nc6 5. Bc4 Bg4 6. h3 Bxf3 7. Qxf3 Nd4 8.
Qd1 exf4 9. O-O g5 10. Ne2 Nc6 11. d3 Qd7 12. Bb5 a6 13. Bxc6 Qxc6 14. Nd4 Qb6
15. c3 h5 16. h4 gxh4 17. Rxf4 Ng4 18. Kh1 Bh6 19. Rf1 Bxc1 20. Qxc1 O-O-O 21.
b4 d5 22. Qf4 dxe4 23. dxe4 f6 24. a4 Qd6 25. Qxd6 Rxd6 26. Rae1 Re8 27. Rf5
Re5 28. Rf3 b6 29. b5 axb5 30. axb5 Kd7 31. Kg1 Ke8 32. Re2 Kf7 33. Rh3 Rc5 34.
Kf1 Kg6 35. Ke1 Ne5 36. Ree3 Kg5 37. g3 hxg3 38. Rexg3+ Ng4 39. Nf5 Re6 40.
Rxh5+ Kxh5 0-1

[Event "DJK Wacker Bergeborbeck 1 - SG Mengede "]
[Site "Verbandsklasse - Gr. 3 2019/2"]
[Date "2019.12.08"]
[Round "4.6"]
[White "Alinsug, Salvadore"]
[Black "Wiktor, Reinhard"]
[Result "1/2-1/2"]
[WhiteElo "1714"]
[BlackElo "1803"]
[PlyCount "176"]
[EventDate "2019.??.??"]
[WhiteTeam "DJK Wacker Bergeborbeck 1"]
[BlackTeam "SG Mengede 1"]

1. e4 d6 2. d4 g6 3. Nf3 Bg7 4. Nc3 c6 5. Bc4 Nf6 6. Bf4 O-O 7. e5 Nh5 8. Be3
b5 9. Bb3 Qc7 10. exd6 exd6 11. Qd2 a5 12. a3 Ba6 13. Ne2 d5 14. c3 Nd7 15. O-O
Nb6 16. Rfe1 Nc4 17. Bxc4 bxc4 18. Nf4 Nf6 19. h3 Ne4 20. Qc1 Rfe8 21. Ne2 f6
22. Bf4 Qf7 23. Ng3 Nxg3 24. Bxg3 Rxe1+ 25. Qxe1 Re8 26. Qd2 Bc8 27. Qc2 Qb7
28. Qd2 Bf5 29. Re1 Rxe1+ 30. Qxe1 Qd7 31. Qe3 Be4 32. Nd2 Bc2 33. Qf4 a4 34.
Qb8+ Kf7 35. Nf1 Bb3 36. Ne3 Bf8 37. Qf4 Qe6 38. Qc7+ Kg8 39. Qb8 Kf7 40. Qc7+
Kg8 41. Qf4 h5 42. Qc7 Bg7 43. Bd6 Qe8 44. g4 Kh8 45. Qe7 Qxe7 46. Bxe7 h4 47.
g5 f5 48. Ng2 Kg8 49. Nxh4 Kf7 50. Bc5 Bd1 51. Kg2 Be2 52. Kg3 Bd1 53. Kf4 Be2
54. Bd6 Bf1 55. Be5 Bf8 56. Kg3 Be7 57. Nf3 Be2 58. h4 Ke6 59. Ng1 Bd1 60. Nh3
Kf7 61. Kf4 Bc2 62. Ke3 Bb1 63. Nf4 Bd8 64. Kd2 Be4 65. Ke3 Bc2 66. Ne2 Bb1 67.
Kd2 Be7 68. Ng3 Bd8 69. Nf1 Be7 70. Ne3 Bd3 71. Nc2 Bf1 72. Nb4 Bxb4 73. cxb4
Ke6 74. Ke3 Kf7 75. Kf4 Be2 76. Bd6 Ke6 77. Bc5 Bd1 78. Bb6 Be2 79. Bd8 Bd1 80.
f3 Kd7 81. Bf6 Ke6 82. Be5 Kf7 83. h5 gxh5 84. Kxf5 Bc2+ 85. Kf4 Kg6 86. Bf6
Bd1 87. Bd8 Be2 88. Ke3 Bd3 1/2-1/2

[Event "DJK Wacker Bergeborbeck 1 - SG Mengede "]
[Site "Verbandsklasse - Gr. 3 2019/2"]
[Date "2019.12.08"]
[Round "4.7"]
[White "Schmidt, Jonas"]
[Black "Grimke, Michael"]
[Result "1-0"]
[WhiteElo "1685"]
[BlackElo "1708"]
[PlyCount "77"]
[EventDate "2019.??.??"]
[WhiteTeam "SG Mengede 1"]
[BlackTeam "DJK Wacker Bergeborbeck 1"]

1. e4 d6 2. d4 g6 3. Nf3 Bg7 4. Bc4 Nf6 5. Nc3 c6 6. O-O b5 7. Bb3 b4 8. e5
dxe5 9. dxe5 Qxd1 10. Rxd1 bxc3 11. exf6 Bxf6 12. bxc3 Bxc3 13. Rb1 O-O 14. Ng5
e6 15. Ba3 Re8 16. Rd3 Be5 17. Rf3 f6 18. Ne4 Kg7 19. Ba4 Rd8 20. c3 Na6 21.
Be7 Rd7 22. Bxf6+ Bxf6 23. Nxf6 Rd2 24. Bb3 Nc5 25. h3 e5 26. Re1 Nd3 27. Ree3
Bf5 28. Ne4 Bxe4 29. Rf7+ Kh6 30. Rxe4 g5 31. Rc4 c5 32. h4 Rg8 33. Rg4 Rg7 34.
hxg5+ Rxg5 35. Rxg5 Kxg5 36. Rxh7 Nxf2 37. Rg7+ Kf4 38. Rf7+ Kg3 39. Rf3+ 1-0

[Event "DJK Wacker Bergeborbeck 1 - SG Mengede "]
[Site "Verbandsklasse - Gr. 3 2019/2"]
[Date "2019.12.08"]
[Round "4.8"]
[White "Schroeer, Helmut"]
[Black "Rahner, Norbert"]
[Result "0-1"]
[WhiteElo "1703"]
[BlackElo "1678"]
[PlyCount "56"]
[EventDate "2019.??.??"]
[WhiteTeam "DJK Wacker Bergeborbeck 1"]
[BlackTeam "SG Mengede 1"]

1. d4 Nf6 2. Nf3 d5 3. e3 Bg4 4. Be2 Nbd7 5. Nbd2 e6 6. O-O Be7 7. c4 O-O 8. c5
b6 9. b4 c6 10. Nb3 a5 11. bxa5 bxa5 12. a4 Qc7 13. Bd2 Ne4 14. Be1 Rfb8 15.
Rb1 Bd8 16. h3 Bf5 17. Rb2 Bg6 18. Qc1 e5 19. Nfd2 Nxd2 20. Bxd2 exd4 21. exd4
Qa7 22. Bf4 Rb4 23. Bd2 Rxa4 24. Na1 Rxd4 25. Be3 Rb4 26. Nc2 Rxb2 27. Qxb2 Rb8
28. Qa3 Bxc2 0-1

[Event "SV Rochade Eving 1 - SC Listiger Bauer "]
[Site "Verbandsklasse - Gr. 2 2019/2"]
[Date "2019.12.08"]
[Round "4.1"]
[White "Kunisch, Siegfried"]
[Black "Kleibaumhueter, Klaus"]
[Result "1-0"]
[WhiteElo "2033"]
[BlackElo "2052"]
[PlyCount "63"]
[EventDate "2019.??.??"]
[WhiteTeam "SC Listiger Bauer Essen 1"]
[BlackTeam "SV Rochade Eving 1"]

1. e4 e6 2. d4 d5 3. e5 c5 4. c3 Nc6 5. Nf3 Bd7 6. Be2 f6 7. O-O fxe5 8. dxe5
Qc7 9. c4 d4 10. Bf4 Nge7 11. Ng5 Ng6 12. Bh5 O-O-O 13. Bxg6 hxg6 14. Nf7 Be7
15. Nxd8 Bxd8 16. Re1 Rh5 17. a3 Qb6 18. Nd2 Bc7 19. g4 Rh8 20. Rb1 Rf8 21. Bg3
d3 22. Nf3 Na5 23. Qxd3 Nb3 24. Re3 Ba4 25. Qxg6 Nd4 26. Nxd4 cxd4 27. Ree1 Qb3
28. Qxe6+ Kb8 29. Rbd1 Qf3 30. Rxd4 Bc6 31. Rd5 Re8 32. Qf5 1-0

[Event "SV Rochade Eving 1 - SC Listiger Bauer "]
[Site "Verbandsklasse - Gr. 2 2019/2"]
[Date "2019.12.08"]
[Round "4.2"]
[White "Michalek, Franz"]
[Black "Klups, Christoph"]
[Result "1/2-1/2"]
[WhiteElo "1915"]
[BlackElo "1965"]
[PlyCount "113"]
[EventDate "2019.??.??"]
[WhiteTeam "SV Rochade Eving 1"]
[BlackTeam "SC Listiger Bauer Essen 1"]

1. d4 Nf6 2. Nf3 b6 3. Bg5 Ne4 4. Bh4 h6 5. Nbd2 d5 6. e3 g5 7. Bg3 Nxg3 8.
hxg3 Bg7 9. c3 Bf5 10. Qa4+ c6 11. Ne5 Bxe5 12. dxe5 Qc7 13. f4 Nd7 14. b4 b5
15. Qd1 g4 16. Nb3 Nxe5 17. fxe5 Qxe5 18. Qd4 Qxg3+ 19. Ke2 e5 20. Qd1 h5 21.
Qe1 Qxe1+ 22. Kxe1 Ke7 23. g3 Be4 24. Rh4 f5 25. Nc5 a5 26. a4 axb4 27. cxb4
bxa4 28. Rxa4 Rxa4 29. Nxa4 Kf6 30. Nc5 Rh6 31. Nd7+ Ke6 32. Nb8 Kd6 33. Na6 d4
34. Kd2 dxe3+ 35. Kxe3 Bd5 36. Nc5 f4+ 37. gxf4 exf4+ 38. Kd4 f3 39. Ne4+ Bxe4
40. Kxe4 Re6+ 41. Kf4 Re1 42. Ba6 Ra1 43. Bd3 Rd1 44. Ba6 Rd4+ 45. Ke3 Rd5 46.
Bc4 Rf5 47. Kf2 Ke7 48. Rh1 Kf6 49. Bd3 Rg5 50. Rc1 g3+ 51. Kxf3 g2 52. Kf2
g1=Q+ 53. Rxg1 Rxg1 54. Kxg1 Ke5 55. Bg6 Kd4 56. Be8 Kc4 57. Bxc6 1/2-1/2

[Event "SV Rochade Eving 1 - SC Listiger Bauer "]
[Site "Verbandsklasse - Gr. 2 2019/2"]
[Date "2019.12.08"]
[Round "4.4"]
[White "Pahne, Dirk"]
[Black "Breuer, Leon"]
[Result "1-0"]
[WhiteElo "1902"]
[BlackElo "1837"]
[PlyCount "53"]
[EventDate "2019.??.??"]
[WhiteTeam "SV Rochade Eving 1"]
[BlackTeam "SC Listiger Bauer Essen 1"]

1. e4 c6 2. d4 d5 3. e5 c5 4. c3 Nc6 5. Bb5 Bf5 6. dxc5 e6 7. b4 Qc7 8. Nf3
Nge7 9. O-O O-O-O 10. Qa4 h6 11. Nd4 Bh7 12. Bxc6 Nxc6 13. f4 Be7 14. Nb5 Qb8
15. Be3 a6 16. Nd6+ Bxd6 17. cxd6 Bd3 18. Rd1 Bb5 19. Qc2 g5 20. a4 Bc4 21. Na3
b5 22. Nxc4 dxc4 23. axb5 axb5 24. Qf2 Rd7 25. Bb6 gxf4 26. Qc5 Kb7 27. Qxb5
1-0

[Event "SV Rochade Eving 1 - SC Listiger Bauer "]
[Site "Verbandsklasse - Gr. 2 2019/2"]
[Date "2019.12.08"]
[Round "4.5"]
[White "Gunkel, Christian"]
[Black "Sprungala, Erik"]
[Result "0-1"]
[WhiteElo "1907"]
[BlackElo "1833"]
[PlyCount "104"]
[EventDate "2019.??.??"]
[WhiteTeam "SC Listiger Bauer Essen 1"]
[BlackTeam "SV Rochade Eving 1"]

1. d4 Nf6 2. Bf4 d5 3. e3 c5 4. c3 e6 5. Nd2 Bd6 6. Bg3 O-O 7. f4 Qc7 8. Nh3 b6
9. Qf3 cxd4 10. exd4 Ba6 11. Bxa6 Nxa6 12. Qd3 Nb8 13. O-O Nc6 14. Nf3 Ne4 15.
Nfg5 Nxg5 16. Nxg5 g6 17. Rae1 Rfe8 18. Re2 Ne7 19. Nf3 Nf5 20. Ne5 Rab8 21.
Be1 f6 22. Ng4 Kf7 23. g3 b5 24. a3 Qc4 25. Qf3 a5 26. Ne3 Nxe3 27. Rxe3 b4 28.
axb4 axb4 29. f5 exf5 30. Rxe8 Rxe8 31. cxb4 Qxd4+ 32. Bf2 Qe4 33. Qb3 Bxb4 34.
Rd1 Qc4 35. Qa4 Bc5 36. Qd7+ Re7 37. Qxd5+ Qxd5 38. Rxd5 Bxf2+ 39. Kxf2 Rb7 40.
Rd2 Ke6 41. Ke3 Ke5 42. Re2 Kd5 43. Rc2 Rb3+ 44. Kf2 f4 45. gxf4 Ke4 46. Kg2
Kxf4 47. Rf2+ Kg5 48. Kf1 f5 49. Ke1 f4 50. Kd1 Kf5 51. Kc2 Rb7 52. b3 Ke4 0-1

[Event "SV Rochade Eving 1 - SC Listiger Bauer "]
[Site "Verbandsklasse - Gr. 2 2019/2"]
[Date "2019.12.08"]
[Round "4.7"]
[White "Petri, Norbert"]
[Black "Jaehnicke, Karl-Heinz"]
[Result "1-0"]
[WhiteElo "1881"]
[BlackElo "1756"]
[PlyCount "101"]
[EventDate "2019.??.??"]
[WhiteTeam "SC Listiger Bauer Essen 1"]
[BlackTeam "SV Rochade Eving 1"]

1. c4 Nf6 2. Nc3 e6 3. e4 d6 4. d4 Be7 5. g3 O-O 6. Bg2 c6 7. Nf3 Qa5 8. O-O
Qh5 9. h3 h6 10. b3 g5 11. g4 Qg6 12. e5 Nfd7 13. Re1 d5 14. Bb2 Nb6 15. Qe2
Na6 16. a3 Kg7 17. Rad1 Bd7 18. Bc1 Rh8 19. c5 Nc8 20. Nh2 Nc7 21. Rf1 b6 22.
b4 a5 23. f4 gxf4 24. Bxf4 b5 25. Nf3 a4 26. Qf2 Na7 27. Ne2 Rag8 28. Ng3 Ne8
29. Nh5+ Kh7 30. Nh4 Bxh4 31. Qxh4 f6 32. exf6 Rf8 33. Be5 Rf7 34. Nf4 Qg5 35.
Qf2 Rg8 36. Nh5 Qg6 37. Kh2 Rgf8 38. Bf3 Kg8 39. Be2 Qc2 40. Qg2 Kh8 41. Rf3
Rg8 42. Rdf1 Qg6 43. Bd3 Qg5 44. Bf4 Qh4 45. Bxh6 Rg5 46. Bxg5 Qxg5 47. Qg3 e5
48. dxe5 Be6 49. Qf4 Qxf4+ 50. Nxf4 Nc7 51. g5 1-0

[Event "SV Rochade Eving 1 - SC Listiger Bauer "]
[Site "Verbandsklasse - Gr. 2 2019/2"]
[Date "2019.12.08"]
[Round "4.8"]
[White "Krams, Amatus"]
[Black "Jondral, Luis"]
[Result "1/2-1/2"]
[WhiteElo "1718"]
[BlackElo "1581"]
[PlyCount "86"]
[EventDate "2019.??.??"]
[WhiteTeam "SV Rochade Eving 1"]
[BlackTeam "SC Listiger Bauer Essen 1"]

1. d4 Nf6 2. c4 e6 3. Nc3 Bb4 4. Qc2 O-O 5. Bd2 d5 6. e3 b6 7. Nf3 Bb7 8. cxd5
exd5 9. Bd3 c5 10. a3 Bxc3 11. Bxc3 c4 12. Be2 Re8 13. O-O Nbd7 14. Rfb1 Rc8
15. Nd2 Qc7 16. Bf3 Nf8 17. Rc1 Ng6 18. g3 Rcd8 19. Nb1 Ne4 20. Be1 Qc8 21. Qa4
a6 22. Qb4 b5 23. a4 Bc6 24. axb5 Bxb5 25. b3 Qf5 26. Bg2 h5 27. bxc4 Bxc4 28.
Bxe4 Qxe4 29. Nd2 Qg4 30. Nxc4 dxc4 31. Qxc4 Nh4 32. Qf1 Nf3+ 33. Kh1 Qe4 34.
Qg2 Re6 35. Rc5 h4 36. Rh5 hxg3 37. fxg3 Nxe1 38. Qxe4 Rxe4 39. Rxe1 Rdxd4 40.
Rc1 Rd8 41. Ra1 Rxe3 42. Rxa6 Re2 43. Ra1 g6 1/2-1/2

[Event "SV Rochade Eving 1 - SC Listiger Bauer "]
[Site "Verbandsklasse - Gr. 2 2019/2"]
[Date "2019.12.08"]
[Round "4.3"]
[White "Ball, Joerg"]
[Black "Hornung, Ruediger"]
[Result "1/2-1/2"]
[WhiteElo "1909"]
[BlackElo "1927"]
[PlyCount "40"]
[EventDate "2019.??.??"]
[WhiteTeam "SC Listiger Bauer Essen 1"]
[BlackTeam "SV Rochade Eving 1"]

1. f4 e6 2. Nf3 d5 3. g3 Nf6 4. Bg2 b6 5. O-O Bb7 6. e3 c5 7. d3 Be7 8. Qe2 O-O
9. Nbd2 Nbd7 10. e4 dxe4 11. dxe4 Qc7 12. e5 Nd5 13. Ne4 c4 14. c3 Nc5 15. Nxc5
Bxc5+ 16. Kh1 b5 17. Rd1 Rad8 18. Nd4 Bxd4 19. Rxd4 Ne7 20. Be3 Rxd4 1/2-1/2

[Event "SV Kamen 2 - Sport Union Annen 1"]
[Site "Verbandsklasse - Gr. 1 2019/2"]
[Date "2019.12.08"]
[Round "4.1"]
[White "Wicht, Juergen"]
[Black "Koch, Marcel"]
[Result "1-0"]
[WhiteElo "2019"]
[BlackElo "1939"]
[PlyCount "87"]
[EventDate "2019.??.??"]
[WhiteTeam "Sport Union Annen 1"]
[BlackTeam "SV Kamen 2"]

1. d4 Nf6 2. c4 e6 3. Nf3 b6 4. g3 Bb7 5. Bg2 d6 6. Nc3 Nbd7 7. O-O Be7 8. Qc2
O-O 9. Rd1 c5 10. e4 Rc8 11. e5 dxe5 12. dxe5 Ne8 13. Ng5 Bxg5 14. Bxb7 Rc7 15.
Be4 Bxc1 16. Raxc1 f5 17. Bg2 a6 18. Qa4 Qc8 19. f4 g6 20. Rd2 Nb8 21. Rcd1 Nc6
22. Bxc6 Rxc6 23. Rd8 Qb7 24. R1d7 Rc7 25. Qd1 Qc6 26. Rxc7 Qxc7 27. Qd7 Qxd7
28. Rxd7 Rf7 29. Rxf7 Kxf7 30. Na4 b5 31. Nxc5 Nc7 32. cxb5 axb5 33. Kf2 Ke7
34. Ke3 Nd5+ 35. Kd4 h6 36. h4 Nb4 37. Nd3 Na6 38. a3 Kd8 39. Nb4 Nc7 40. Kc5
Kd7 41. b3 h5 42. Kb6 Kd8 43. Nc6+ Kd7 44. Nd4 1-0

[Event "SV Kamen 2 - Sport Union Annen 1"]
[Site "Verbandsklasse - Gr. 1 2019/2"]
[Date "2019.12.08"]
[Round "4.2"]
[White "Traunecker, Thomas"]
[Black "Mainka, Gregor"]
[Result "1/2-1/2"]
[WhiteElo "1874"]
[BlackElo "2151"]
[PlyCount "80"]
[EventDate "2019.??.??"]
[WhiteTeam "SV Kamen 2"]
[BlackTeam "Sport Union Annen 1"]

1. d4 e6 2. Nf3 Nf6 3. c4 Bb4+ 4. Nbd2 O-O 5. a3 Be7 6. g3 b6 7. Bg2 Bb7 8. Qc2
d5 9. O-O c5 10. cxd5 exd5 11. b3 Nbd7 12. Bb2 Rc8 13. Qb1 Re8 14. Bh3 Rc7 15.
Ne5 Bd6 16. Nxd7 Nxd7 17. e3 Qe7 18. Rc1 Rec8 19. Bg2 cxd4 20. Rxc7 Rxc7 21.
Bxd4 Bxa3 22. Qa2 Bb4 23. Nf3 a5 24. Qb2 f6 25. Qe2 Nc5 26. Rb1 Qd8 27. Nh4 Qd7
28. Qh5 g5 29. Nf3 Qf7 30. Qh6 Ne4 31. g4 Rc6 32. Bf1 Bc8 33. Bb5 Rc7 34. Bd3
Bxg4 35. Bxe4 dxe4 36. Nxg5 Qg7 37. Qxf6 Qxf6 38. Bxf6 h6 39. Nxe4 Bf5 40. f3
b5 1/2-1/2

[Event "SV Kamen 2 - Sport Union Annen 1"]
[Site "Verbandsklasse - Gr. 1 2019/2"]
[Date "2019.12.08"]
[Round "4.3"]
[White "Al Ali, Mohammad"]
[Black "Bals, Jochen"]
[Result "0-1"]
[WhiteElo "1861"]
[BlackElo "1887"]
[PlyCount "42"]
[EventDate "2019.??.??"]
[WhiteTeam "Sport Union Annen 1"]
[BlackTeam "SV Kamen 2"]

1. Nf3 Nf6 2. c4 e6 3. Nc3 d5 4. e3 b6 5. Be2 Bd6 6. O-O O-O 7. d4 Bb7 8. cxd5
exd5 9. Qc2 a6 10. Bd3 Re8 11. Re1 Ne4 12. b3 Nd7 13. Bb2 f5 14. Rad1 Qf6 15.
Ne2 Rac8 16. Nd2 Bxh2+ 17. Kxh2 Qh4+ 18. Kg1 Qxf2+ 19. Kh1 Re6 20. Nf4 Rh6+ 21.
Nh3 Rxh3+ 0-1

[Event "SV Kamen 2 - Sport Union Annen 1"]
[Site "Verbandsklasse - Gr. 1 2019/2"]
[Date "2019.12.08"]
[Round "4.4"]
[White "Georg, Felix"]
[Black "McAdam, Mark"]
[Result "0-1"]
[WhiteElo "1963"]
[BlackElo "1993"]
[PlyCount "38"]
[EventDate "2019.??.??"]
[WhiteTeam "SV Kamen 2"]
[BlackTeam "Sport Union Annen 1"]

1. d4 Nf6 2. Nf3 e6 3. c4 c5 4. Nc3 cxd4 5. Nxd4 Nc6 6. g3 Bc5 7. Ndb5 O-O 8.
Nd6 Qb6 9. e3 Ne5 10. Nde4 Nxe4 11. Nxe4 Bb4+ 12. Bd2 d5 13. cxd5 exd5 14. Nc3
d4 15. Nd5 Bxd2+ 16. Qxd2 Qd6 17. Bg2 Bh3 18. f4 Nd3+ 19. Kf1 Qxd5 0-1

[Event "SV Kamen 2 - Sport Union Annen 1"]
[Site "Verbandsklasse - Gr. 1 2019/2"]
[Date "2019.12.08"]
[Round "4.5"]
[White "Sondermann, Dirk"]
[Black "Spaeh, Jan Lukas"]
[Result "0-1"]
[WhiteElo "1823"]
[BlackElo "1726"]
[PlyCount "66"]
[EventDate "2019.??.??"]
[WhiteTeam "Sport Union Annen 1"]
[BlackTeam "SV Kamen 2"]

1. d4 g6 2. c4 Bg7 3. Nf3 d6 4. Nc3 Nf6 5. e4 O-O 6. Be2 e5 7. O-O Nc6 8. d5
Ne7 9. Ne1 Nd7 10. Nd3 f5 11. Bd2 Nf6 12. f3 f4 13. c5 g5 14. Rc1 Ng6 15. Nb5
Rf7 16. Ba5 b6 17. cxd6 cxd6 18. Be1 a6 19. Na3 Bf8 20. Nb4 b5 21. Nc6 Qe8 22.
Nb1 Rg7 23. a4 bxa4 24. Nc3 h5 25. Nxa4 g4 26. Nb6 h4 27. Nxa8 g3 28. Nb6 h3
29. hxg3 hxg2 30. Nxc8 gxf1=Q+ 31. Bxf1 fxg3 32. Rc2 Nf4 33. Nb6 Qh5 0-1

[Event "SV Kamen 2 - Sport Union Annen 1"]
[Site "Verbandsklasse - Gr. 1 2019/2"]
[Date "2019.12.08"]
[Round "4.7"]
[White "Hartung, Thomas"]
[Black "Riemer, Dominik"]
[Result "1-0"]
[WhiteElo "1902"]
[BlackElo "1745"]
[PlyCount "93"]
[EventDate "2019.??.??"]
[WhiteTeam "Sport Union Annen 1"]
[BlackTeam "SV Kamen 2"]

1. e4 c5 2. Nf3 Nc6 3. d4 cxd4 4. Nxd4 Nf6 5. Nc3 e5 6. Ndb5 d6 7. Bg5 a6 8.
Bxf6 gxf6 9. Na3 b5 10. Nd5 f5 11. Bd3 Be6 12. Qh5 Bg7 13. O-O O-O 14. exf5
Bxd5 15. f6 e4 16. fxg7 Re8 17. Qxd5 Nb4 18. Qb3 Nc6 19. Bxe4 Rxe4 20. Qd5 Qe8
21. c3 Re5 22. Qxd6 Rd8 23. Qf8+ Qxf8 24. gxf8=Q+ Kxf8 25. Rad1 Rxd1 26. Rxd1
Re2 27. Rb1 b4 28. Kf1 Re4 29. Nc2 bxc3 30. bxc3 Ne5 31. Re1 Rxe1+ 32. Nxe1 Ke7
33. Ke2 h6 34. f4 Nd7 35. Nd3 Ke6 36. g4 Nf6 37. h3 Ne4 38. c4 a5 39. Ke3 Nc3
40. Nc5+ Ke7 41. a4 f6 42. h4 Nd1+ 43. Ke4 Kd6 44. Kd4 Nf2 45. Ne4+ Nxe4 46.
Kxe4 Kc5 47. g5 1-0

[Event "SV Kamen 2 - Sport Union Annen 1"]
[Site "Verbandsklasse - Gr. 1 2019/2"]
[Date "2019.12.08"]
[Round "4.8"]
[White "Tubis, Reiner"]
[Black "Jeschke, Holger"]
[Result "1/2-1/2"]
[WhiteElo "1654"]
[BlackElo "1877"]
[PlyCount "51"]
[EventDate "2019.??.??"]
[WhiteTeam "SV Kamen 2"]
[BlackTeam "Sport Union Annen 1"]

1. e4 c6 2. d4 d5 3. Nd2 dxe4 4. Nxe4 Nf6 5. Ng3 h5 6. Bc4 h4 7. N3e2 Bg4 8. h3
Bh5 9. Bf4 Nbd7 10. Qd3 Bg6 11. Qb3 Qb6 12. Nf3 Qxb3 13. Bxb3 Nd5 14. O-O-O e6
15. Rhe1 Be7 16. c4 Nxf4 17. Nxf4 Bf5 18. Bc2 Bxc2 19. Kxc2 Bd6 20. Nd3 Rh5 21.
Re4 g5 22. d5 Nf6 23. Re2 cxd5 24. Nde5 Rc8 25. Kb3 Bxe5 26. Nxe5 1/2-1/2

[Event "SV Rot-Weiß-Altenessen 1 - Schwarze Dam"]
[Site "Verbandsklasse - Gr. 3 2019/2"]
[Date "2019.12.08"]
[Round "4.1"]
[White "Grewe, Ludger"]
[Black "Praß, Marian"]
[Result "1/2-1/2"]
[WhiteElo "2112"]
[BlackElo "2018"]
[PlyCount "101"]
[EventDate "2019.??.??"]
[WhiteTeam "Schwarze Dame Osterfeld 1"]
[BlackTeam "SV Rot-Weiß-Altenessen 1"]

1. e4 c5 2. Nf3 e6 3. d4 cxd4 4. Nxd4 Nf6 5. Nc3 d6 6. Be2 a6 7. f4 Be7 8. O-O
Qc7 9. Kh1 Nbd7 10. Bf3 O-O 11. g4 Nb6 12. g5 Ne8 13. Bg2 e5 14. Nb3 exf4 15.
Bxf4 Be6 16. Nd4 g6 17. Qe1 Ng7 18. Rd1 Nc4 19. b3 Ne5 20. Nd5 Bxd5 21. exd5
Nh5 22. Bc1 Rae8 23. Qd2 Qd7 24. Rde1 Bd8 25. c4 Bb6 26. Bb2 Qd8 27. Nf3 Ba5
28. b4 Nxc4 29. Qd4 Nxb2 30. bxa5 Qxa5 31. Qxb2 Rxe1 32. Rxe1 Nf4 33. Qd2 Qa4
34. Qd4 Qxd4 35. Nxd4 Rc8 36. Bf3 Rc4 37. Rd1 Nh3 38. Kg2 Nxg5 39. h4 Nxf3 40.
Nxf3 Kg7 41. Kg3 Ra4 42. Rd2 h6 43. Nd4 Kf6 44. Kf4 g5+ 45. hxg5+ hxg5+ 46. Ke3
Kg6 47. Rf2 Ra3+ 48. Ke4 Ra4 49. Kd3 Ra5 50. Ke4 Ra4 51. Kd3 1/2-1/2

[Event "SV Rot-Weiß-Altenessen 1 - Schwarze Dam"]
[Site "Verbandsklasse - Gr. 3 2019/2"]
[Date "2019.12.08"]
[Round "4.3"]
[White "Fiori, Bruno"]
[Black "Birdaini, Becir"]
[Result "1/2-1/2"]
[WhiteElo "1913"]
[BlackElo "2000"]
[PlyCount "70"]
[EventDate "2019.??.??"]
[WhiteTeam "Schwarze Dame Osterfeld 1"]
[BlackTeam "SV Rot-Weiß-Altenessen 1"]

1. e4 c6 2. d4 d5 3. Nc3 dxe4 4. Nxe4 Bf5 5. Ng3 Bg6 6. Nf3 e6 7. Ne5 Nd7 8.
Nxg6 hxg6 9. Bd3 Ngf6 10. Qf3 Bd6 11. Bd2 Qc7 12. O-O-O a5 13. Ne2 a4 14. g3 a3
15. b3 Qb6 16. c4 Bb4 17. Kc2 Bxd2 18. Rxd2 Rd8 19. h4 Qb4 20. g4 c5 21. g5 Nh5
22. d5 e5 23. Nc3 O-O 24. Be4 Nb6 25. Rb1 Nc8 26. Nb5 Nd6 27. Nxd6 Rxd6 28. Qc3
Qxc3+ 29. Kxc3 f5 30. gxf6 Rfxf6 31. b4 cxb4+ 32. Rxb4 b6 33. Ra4 Rf4 34. f3
Rxh4 35. Rxa3 Ng3 1/2-1/2

[Event "SV Rot-Weiß-Altenessen 1 - Schwarze Dam"]
[Site "Verbandsklasse - Gr. 3 2019/2"]
[Date "2019.12.08"]
[Round "4.5"]
[White "Bensch, Arnold Heinrich"]
[Black "Cavasin, Joerg"]
[Result "1-0"]
[WhiteElo "1803"]
[BlackElo "1913"]
[PlyCount "71"]
[EventDate "2019.??.??"]
[WhiteTeam "Schwarze Dame Osterfeld 1"]
[BlackTeam "SV Rot-Weiß-Altenessen 1"]

1. d4 Nf6 2. c4 d6 3. Nc3 g6 4. g3 Bg7 5. Bg2 O-O 6. Nf3 Nbd7 7. O-O c6 8. e4
e5 9. dxe5 dxe5 10. Qd6 Ne8 11. Qa3 Qc7 12. c5 Nef6 13. h3 Re8 14. Be3 Nf8 15.
Rfd1 Ne6 16. b4 Bd7 17. Nd2 b5 18. cxb6 axb6 19. Qb2 Nd4 20. Rac1 Qa7 21. a4
Be6 22. Bxd4 exd4 23. Ne2 c5 24. bxc5 bxc5 25. Qb5 Rec8 26. Nc4 Rab8 27. Qa5
Qxa5 28. Nxa5 Rb4 29. e5 Ne8 30. Nc6 Bh6 31. f4 Rb2 32. Ne7+ Kh8 33. Nxc8 Bf8
34. Nxd4 Bxc8 35. Nb5 Be7 36. Nd6 1-0